|
|
|
|
| LEADER |
00000nab a2200000 a 4500 |
| 001 |
vtls000337021 |
| 003 |
SK-MaSNL |
| 005 |
20260303164209.0 |
| 008 |
230313c1988 xo 0 slo |
| 015 |
|
|
|a SNBRB19rr/mm-uuuuu
|
| 035 |
|
|
|a CL0337143
|
| 035 |
|
|
|a urn:nbn:sk:snk-abbip6
|
| 035 |
|
|
|a (urnnbn)urn:nbn:sk:snk:ar-00036l
|
| 035 |
|
|
|a (uuid)e92e1556-f5db-4f4a-8ad2-f251cf208257
|
| 040 |
|
|
|a SNKBUCL
|b slo
|c SNKBUCL
|e AACR2
|
| 041 |
0 |
|
|a slo
|
| 044 |
|
|
|a xo
|c SK
|
| 080 |
|
|
|a 82.091:885.4:894.631
|2 1981
|
| 080 |
|
|
|a 885.4
|2 1981
|
| 080 |
|
|
|a 894.631
|2 1981
|
| 080 |
|
|
|a 885.4.091
|2 1981
|
| 080 |
|
|
|a 894.631.091
|2 1981
|
| 080 |
|
|
|a 82.0
|2 1981
|
| 080 |
|
|
|a 82-1/-9
|2 1981
|
| 080 |
|
|
|a 82
|2 1981
|
| 080 |
|
|
|a 061.3
|2 1981
|
| 100 |
1 |
|
|a Rayfield, Donald
|4 aut
|9 657351
|
| 245 |
1 |
0 |
|a Využívanie a zneužívanie dejín v modernej slovenskej a gruzínskej próze
|c Donald Rayfield
|
| 500 |
|
|
|a Londýn 87.
|
| 650 |
0 |
7 |
|a slovenská próza
|2 snkbucl
|9 1206
|
| 650 |
0 |
7 |
|a gruzínska próza
|2 snkbucl
|9 53471
|
| 650 |
0 |
7 |
|a Sympózium o súčasnom slovenskom románe
|2 snkbucl
|9 943550
|
| 655 |
|
7 |
|a články z novín a časopisov
|2 snkbucl
|9 267496
|
| 655 |
|
7 |
|a články z odboru literárna veda a krásna literatúra
|2 snkbucl
|9 770045
|
| 773 |
0 |
|
|t Romboid
|g Č. 10 (1988), s. 62-69
|
| 850 |
|
|
|a Slovenská národná knižnica v Martine
|a MTA001
|
| 852 |
|
|
|a SNK
|b KIS3GCP
|
| 958 |
|
|
|a RK
|
| 958 |
|
|
|a CZ
|
| 958 |
|
|
|a LX
|
| 958 |
|
|
|a OND
|
| 958 |
|
|
|a EUIPO
|
| 958 |
|
|
|a article15
|
| 992 |
|
|
|a RBX
|
| 999 |
|
|
|c 2063913
|d 2065843
|